Las bases de la estructura del proceso laboral de la provincia de Buenos Aires (Registro nro. 18960)
[ vista simple ]
| 000 -LEADER | |
|---|---|
| fixed length control field | 00352 a2200109 4500 |
| 001 - CONTROL NUMBER | |
| control field | ART_46204 |
| 005 - DATE AND TIME OF LATEST TRANSACTION | |
| control field | 20260410161743.0 |
| 008 - FIXED-LENGTH DATA ELEMENTS--GENERAL INFORMATION | |
| fixed length control field | 260409a |
| 100 1# - MAIN ENTRY--PERSONAL NAME | |
| Personal name | Formaro, Juan J. |
| 245 10 - TITLE STATEMENT | |
| Title | Las bases de la estructura del proceso laboral de la provincia de Buenos Aires |
| 773 0# - HOST ITEM ENTRY | |
| Title | Doctrina laboral |
| Related parts | - N° 392 (abr. 2018) |
| Record control number | REV4049 |
No hay ítems disponibles.